| 000 | 01004nam a2200277 4500 | ||
|---|---|---|---|
| 001 | 148345 | ||
| 003 | ES-MaACL | ||
| 005 | 20250909180250.0 | ||
| 007 | t| | ||
| 008 | 070214s1943 sp r ||||1| spa d | ||
| 080 | _a929 Gordon, Charles George | ||
| 080 | _a929(100)"17/18" | ||
| 100 | 1 |
_aStrachey, Lytton. _9108356 |
|
| 245 | 1 | 3 |
_aLa muerte del general Gordon y otras biografías / _cLytton Strachey. |
| 260 |
_aMadrid : _bRevista de Occidente, _c[1943] ( _fImp. de Galo Sáez) |
||
| 300 |
_a192 p. : _bil. col. mapas ; _c21 cm. |
||
| 505 | 8 | _aContiene: biografías y retratos en miniatura de Madame de Lieven, Lady Hester Stanhope y Thomas Carlyle. | |
| 600 | 1 | 4 |
_aGordon, Charles George ( _d1833-1885) _959156 |
| 600 | 1 | 4 |
_aLieven, Dorothea ( _d1785-1857) _9171961 |
| 600 | 1 | 4 |
_aStanhope, Hester, _d1776-1839 _9171962 |
| 600 | 0 | 4 |
_aCarlyle, Thomas, _d1795-1881 _xBiografías _935317 |
| 655 | 0 |
_aBiografías _9176647 |
|
| 852 |
_aES-MaACL _jF-15519 |
||
| 942 | _2udc | ||
| 999 |
_c148345 _d148345 |
||